Statistics for Minecraft by Letter-C

Click here to take the quiz!

General Stats

  • This quiz has been taken 257 times
  • The average score is 11 of 15

Answer Stats

DescriptionFirst two lettersAnswer% Correct
Basic fuelCOCoal
96%
Minecraft mob that is shades of green with a little blackCRCreeper
95%
These will scare away creepersCACat
90%
A log and log in a furnace makesCHCharcoal
88%
Block gained from mining stoneCOCobblestone
87%
You can put loot in theseCHChest
87%
Type of spiderCA{Cave} Spider
81%
Used to tame ocelotsCOCod
80%
Mined with a sword with give you stringCOCobweb
77%
Orangish green oreCOCopper
75%
Found in desertsCACactus
75%
Plant that grows on jungle treesCOCocoa Bean
68%
Hard block that comes in all the colors of dyeCOConcrete
55%
Type of hyphaeCRCrimson
35%
Type of villagerCACartographer
34%

Score Distribution

Percentile by Number Answered

Percent of People with Each Score

Your Score History

You have not taken this quiz